|
|
|
|
| LEADER |
00000cam a2200000 a 4500 |
| 001 |
vtls010627037 |
| 003 |
SK-MaSNL |
| 005 |
20260426012511.0 |
| 008 |
240314s2014 xo a e n 000 0 eng |
| 015 |
|
|
|a SNBA2014/10
|
| 020 |
|
|
|a 9788055707327
|q (brož.)
|
| 035 |
|
|
|a 92E06862-E354-4DF1-818E-2346AD31C665
|
| 035 |
|
|
|a urn:nbn:sk:snk-am3h60k
|
| 035 |
|
|
|a urn:nbn:sk:snk-am008y4j
|
| 040 |
|
|
|a SNK
|b slo
|c SNK
|e AACR2
|
| 041 |
0 |
|
|a eng
|
| 044 |
|
|
|a xo
|c SK
|
| 072 |
|
7 |
|a 811.111
|x Angličtina
|2 konspekt
|
| 080 |
|
|
|a 811.111
|2 2001
|
| 080 |
|
|
|a (075.8)
|2 2001
|
| 080 |
|
|
|a 81'24
|2 2001
|
| 100 |
1 |
|
|a Štulajterová, Alena,
|d 1966-
|4 aut
|9 252419
|
| 245 |
1 |
0 |
|a An Introduction to the Study of the English Language
|c Alena Štulajterová
|
| 250 |
|
|
|a 2nd extended ed.
|
| 260 |
|
|
|a Banská Bystrica
|b Belianum
|b Filozofická fakulta, Univerzita Mateja Bela
|c 2014
|
| 300 |
|
|
|a 152 s.
|b tab.
|c 21 cm
|
| 366 |
|
|
|e 250 výt.
|
| 504 |
|
|
|a Bibliogr. odkazy ; bibliogr.: s. 149-152
|
| 650 |
0 |
7 |
|a angličtina
|2 SNKPH
|9 1260
|
| 650 |
0 |
7 |
|a štúdium jazykov
|2 SNKPH
|9 3983
|
| 650 |
0 |
7 |
|a English language
|2 SNKPHeng
|9 279139
|
| 650 |
0 |
7 |
|a Language learning
|2 SNKPHeng
|9 302513
|
| 655 |
|
7 |
|a učebnice vysokých škôl
|2 SNKPH
|9 70191
|
| 655 |
|
7 |
|a Textbooks (higher)
|2 SNKPHeng
|9 276436
|
| 710 |
2 |
|
|a Univerzita Mateja Bela v Banskej Bystrici.
|b Filozofická fakulta
|4 pbl
|9 133058
|
| 852 |
|
|
|a Štátna vedecká knižnica v Banskej Bystrici
|
| 919 |
|
|
|a 978-80-557-0732-7
|
| 958 |
|
|
|a NB
|
| 999 |
|
|
|c 1098528
|d 1100458
|
| 952 |
|
|
|a SNK
|b SNK
|y PREZ
|7 0
|p 17A1116741
|o snkSC 161230
|i snk2014/21489
|8 0
|0 0
|1 0
|4 0
|d 2014-10-13
|f 1
|l 0
|r 2025-08-25 00:00:00
|w 2026-02-24
|
| 952 |
|
|
|a SNK
|b SNK
|y VYP
|7 0
|p 17A1116742
|o snkSC 161230 D1
|i snk2014/21490
|8 0
|0 0
|1 0
|4 0
|d 2014-10-13
|l 0
|r 2026-02-24 17:21:52
|w 2026-02-24
|